000 00627nam a2200241Ia 4500
003 0100
008 130303s9999 xx 000 0 und d
020 _a020518880X
040 _cARRUPELIB
050 _aJK21.R383 1998
245 _aReadings in American government and politics
250 _a3rd ed.
260 _aBoston
260 _bAllyn and Bacon
260 _C1998
300 _a442p.
300 _b 24cm.
650 _bRahner, Karl
650 _cLonergan, Bernard JF
650 _dSelf--Religious aspects--Christianity
700 _aRipley, Randall B. and Slotnick, Elliot E. (eds.)
942 _2lcc
_07
999 _c64800
_d64800